01097cam a22002891 4500001001300000003000400013005001700017008004100034010001700075035001900092040005000111042001200161043001200173045000900185050001900194082001400213100002100227245017000248260003000418300002600448490007700474500006800551500008300619610004300702700004500745999001700790e 43000047 DLC20260227111231.0800319s1942 ilua s000 0 eng c ae 43000047  a(OCoLC)6105807 aU.S. Office of Education LibrarycICharEdDLC apremarc an-us-il ax2x400aLB1861.C44bR4 a370.737731 aReinhardt, Emma.10aChanges in the student body of the Eastern Illinois State Teachers Collegebduring the fifteen year period 1925-26 to 1940-41,cby Emma Reinhardt [and] Frank A. Beu. a[Charleston, Ill.,c1942] a62 p.btablesc23 cm.0 aEastern Illinois State Teachers College bulletin,vno. 159. July 1, 1942 aAt head of title: State of Illinois. Dwight H. Green, Governor. a"Fourth in a series of surveys ... of the students of this institution"--p. 7.20aEastern Illinois UniversityxStudents.1 aBeu, Frank Andrew,d1897-ejoint author. c21918d21918